Central Library OPAC University of Rajshahi

An Introduction to the Principles of Agricultural Economics / (Record no. 3142)

MARC details
000 -LEADER
fixed length control field 00664nam a2200229 a 4500
001 - CONTROL NUMBER
control field 3142
003 - CONTROL NUMBER IDENTIFIER
rucl marc code BD-RjUL
005 - DATE AND TIME OF LATEST TRANSACTION
control field 20211208233701.0
008 - FIXED-LENGTH DATA ELEMENTS--GENERAL INFORMATION
fixed length control field 150827r19671961nyu b 001 0 eng d
035 ## - SYSTEM CONTROL NUMBER
System control number (BD-RjUL) 3176
040 ## - CATALOGING SOURCE
Original cataloging agency BNG
Transcribing agency BNG
Modifying agency EQO
-- BD-RjUL
Language of cataloging eng
041 ## - LANGUAGE CODE
Language code of text/sound track or separate title eng
082 ## - DEWEY DECIMAL CLASSIFICATION NUMBER
Edition number 23
Author mark and year TUI 1967
Classification number 338.1
090 ## - LOCALLY ASSIGNED LC-TYPE CALL NUMBER (OCLC); LOCAL CALL NUMBER (OCLC)
Classification number (OCLC) (R) ; Classification number, CALL (RLIN) (NR) HD1411
Local cutter number (OCLC) ; Book number/undivided call number, CALL (RLIN) .T8
100 1# - MAIN ENTRY--PERSONAL NAME
Personal name Tuck, R. H.
9 (RLIN) 9949
245 13 - TITLE STATEMENT
Title An Introduction to the Principles of Agricultural Economics /
Statement of responsibility, etc. R. H. Tuck
260 ## - PUBLICATION, DISTRIBUTION, ETC. (IMPRINT)
Place of publication, distribution, etc. London :
Name of publisher, distributor, etc. Longman,
Date of publication, distribution, etc. c1961 [Impression1967]
300 ## - PHYSICAL DESCRIPTION
Pagination vii, 260 p. :
Illustrations ill;
Size 23 cm
504 ## - BIBLIOGRAPHY, ETC. NOTE
Bibliography, etc includes index
650 #0 - SUBJECT ADDED ENTRY--TOPICAL TERM
Topical term or geographic name as entry element Agriculture
General subdivision Economic aspects
9 (RLIN) 9950
942 ## - ADDED ENTRY ELEMENTS (KOHA)
Source of classification or shelving scheme Dewey Decimal Classification
Koha item type Books
Holdings
Lost status Source of classification or shelving scheme Damaged status Not for loan Collection code Permanent Location Current Location Shelving location Date acquired Source of acquisition Cost, normal purchase price Total Checkouts Full call number Date last seen Copy number Koha item type
  Dewey Decimal Classification   Not For Loan Non-fiction Central Library, University of Rajshahi Central Library, University of Rajshahi Reading Room 16/11/1968 Zeitlinger 35.00   338.1 TUI 1967 18/12/2013 C-1 Books
  Dewey Decimal Classification     Non-fiction Central Library, University of Rajshahi Central Library, University of Rajshahi   16/11/1968 Zeitlinger 35.00   338.1 TUI 1967 18/12/2013 C-4 Books
  Dewey Decimal Classification     Non-fiction Central Library, University of Rajshahi Central Library, University of Rajshahi   16/11/1968 Zitlinger 35.00   338.1 TUI 1967 23/02/2014 C-3 Books
  Dewey Decimal Classification     Non-fiction Central Library, University of Rajshahi Central Library, University of Rajshahi   16/11/1968 Zeithlinger 35.00   338.1 TUI 1967 27/06/2016 C-2 Books
  Dewey Decimal Classification     Non-fiction Central Library, University of Rajshahi Central Library, University of Rajshahi   16/11/1968 Zeithlinger 35.00   338.1 TUI 1967 27/06/2016 C-5 Books